000 00595nam a22002297a 4500
003 UA-OsUOA
001 64179
007 ta
008 20091102b un ||||| |||| 00| 0 ukr d
100 _aГорбатенко Д.
090 _a94(430)
_bД68
942 _cBK
040 _aUA-OsUOA
_brus
_cUA-OsUOA
_dUA-OsUOA
245 _aТень Люфтваффе над Европой
300 _a204 с.
955 _a3
041 _arus
080 _a94(430)
260 _aМ.
_bНаука
_c1967
650 7 _a9 Географія. Біографії. Історія
_2UDC
999 _c350200
_d350200